000 00447nam a22001697a 4500
003 koha_MIRAKIL
005 20241127143938.0
008 231213b |||||||| |||| 00| 0 ||| d
040 _aTR-IsEVY
_btur
_cTR-IsEVY
082 _a741.5 LUC/B
100 _aLUCIANI, BRIGITTE.
245 0 _aBAY PORSUK İLE BAYAN TİLKİ TANIŞMA.
260 _bDesen,
_c2010
300 _a32.
650 _aSanat.
_vÇizgi Roman.
_vÇizgi Sanatı.
942 _2ddc
_cBK
999 _c5332
_d5332